Freiburg: die Stadtgründung aus der Sicht von Bauforschung und Archäologie seit 1988

Saved in:
Bibliographic Details
Main Author: Untermann, Matthias (Author)
Format: Chapter/Article
Language:German
Published: 2023
In: Neue Rahmungen - die Anfänge Freiburgs im europäischen Kontext
Year: 2023, Pages: 21-83
Subjects:
Online Access: Get full text
Author Notes:Matthias Untermann

MARC

LEADER 00000caa a2200000 c 4500
001 1872242545
003 DE-627
005 20250415172333.0
007 tu
008 231207s2023 xx ||||| 00| ||ger c
035 |a (DE-627)1872242545 
035 |a (DE-599)KXP1872242545 
035 |a (OCoLC)1475648476 
040 |a DE-627  |b ger  |c DE-627  |e rda 
041 |a ger 
084 |a 60  |2 sdnb 
084 |a 321  |2 bwlb 
100 1 |a Untermann, Matthias  |d 1956-  |e VerfasserIn  |0 (DE-588)123249503  |0 (DE-627)082439052  |0 (DE-576)164358226  |4 aut 
245 1 0 |a Freiburg  |b die Stadtgründung aus der Sicht von Bauforschung und Archäologie seit 1988  |c Matthias Untermann 
264 1 |c 2023 
300 |b Illustrationen 
300 |a 63 
336 |a Text  |b txt  |2 rdacontent 
337 |a ohne Hilfsmittel zu benutzen  |b n  |2 rdamedia 
338 |a Band  |b nc  |2 rdacarrier 
648 7 |a Geschichte 1988-2023  |2 gnd  |7 (dpeaa)DE-631 
650 0 7 |0 (DE-588)4056723-0  |0 (DE-627)106153919  |0 (DE-576)209118741  |a Stadt  |2 gnd  |7 (dpeaa)DE-631 
650 0 7 |0 (DE-588)4020642-7  |0 (DE-627)106317261  |0 (DE-576)208934243  |a Gründung  |2 gnd  |7 (dpeaa)DE-631 
650 0 7 |0 (DE-588)4144149-7  |0 (DE-627)104122676  |0 (DE-576)209731796  |a Bauforschung  |2 gnd  |7 (dpeaa)DE-631 
650 0 7 |0 (DE-588)4002827-6  |0 (DE-627)104459425  |0 (DE-576)208848878  |a Archäologie  |2 gnd  |7 (dpeaa)DE-631 
651 7 |0 (DE-588)4018272-1  |0 (DE-627)106326686  |0 (DE-576)208923535  |a Freiburg im Breisgau  |2 gnd  |7 (dpeaa)DE-631 
689 0 0 |d g  |0 (DE-588)4018272-1  |0 (DE-627)106326686  |0 (DE-576)208923535  |a Freiburg im Breisgau  |2 gnd 
689 0 1 |d s  |0 (DE-588)4056723-0  |0 (DE-627)106153919  |0 (DE-576)209118741  |a Stadt  |2 gnd 
689 0 2 |d s  |0 (DE-588)4020642-7  |0 (DE-627)106317261  |0 (DE-576)208934243  |a Gründung  |2 gnd 
689 0 3 |d s  |0 (DE-588)4144149-7  |0 (DE-627)104122676  |0 (DE-576)209731796  |a Bauforschung  |2 gnd 
689 0 4 |d s  |0 (DE-588)4078951-2  |0 (DE-627)10607590X  |0 (DE-576)209210567  |a Vor- und Frühgeschichte  |2 gnd 
689 0 5 |d s  |0 (DE-588)4002827-6  |0 (DE-627)104459425  |0 (DE-576)208848878  |a Archäologie  |2 gnd 
689 0 |5 (DE-627) 
773 0 8 |i Enthalten in  |t Neue Rahmungen - die Anfänge Freiburgs im europäischen Kontext  |d Ostfildern : Jan Thorbecke Verlag, 2023  |g (2023), Seite 21-83  |h 482 Seiten  |w (DE-627)185838222X  |z 9783799573733  |z 3799573739  |7 nnam  |a Freiburg die Stadtgründung aus der Sicht von Bauforschung und Archäologie seit 1988 
773 1 8 |g year:2023  |g pages:21-83  |g extent:63  |a Freiburg die Stadtgründung aus der Sicht von Bauforschung und Archäologie seit 1988 
935 |a BWLB 
951 |a AR 
990 |a Archäologie 
990 |a Vor- und Frühgeschichte 
990 |a Bauforschung 
990 |a Gründung 
990 |a Stadt 
990 |a Freiburg im Breisgau 
992 |a 20250415 
993 |a BookComponentPart 
994 |a 2023 
998 |g 123249503  |a Untermann, Matthias  |m 123249503:Untermann, Matthias  |d 70000  |d 72000  |d 72040  |e 70000PU123249503  |e 72000PU123249503  |e 72040PU123249503  |k 0/70000/  |k 1/70000/72000/  |k 2/70000/72000/72040/  |p 1  |x j  |y j 
999 |a KXP-PPN1872242545  |e 4705757866 
BIB |a Y 
JSO |a {"physDesc":[{"noteIll":"Illustrationen","extent":"63 S."}],"person":[{"family":"Untermann","role":"aut","display":"Untermann, Matthias","given":"Matthias"}],"type":{"bibl":"chapter"},"relHost":[{"recId":"185838222X","part":{"pages":"21-83","text":"(2023), Seite 21-83","extent":"63","year":"2023"},"title":[{"subtitle":"archäologische und historische Perspektiven","title_sort":"Neue Rahmungen - die Anfänge Freiburgs im europäischen Kontext","title":"Neue Rahmungen - die Anfänge Freiburgs im europäischen Kontext"}],"relMultPart":[{"type":{"bibl":"serial"},"disp":"Archäologie und Geschichte","title":[{"title_sort":"Archäologie und Geschichte","title":"Archäologie und Geschichte","subtitle":"AG ; Freiburger Forschungen zum ersten Jahrtausend in Südwestdeutschland"}],"part":{"number_sort":["23"],"number":["Band 23"]},"titleAlt":[{"title":"AG"}],"recId":"131156373","pubHistory":["1.1990; 2.1986 -"],"language":["ger"],"id":{"eki":["131156373"],"issn":["1436-2686"],"zdb":["1132524-0"]},"dispAlt":"Archäologie und Geschichte","origin":[{"publisherPlace":"Ostfildern ; Sigmaringen","dateIssuedDisp":"1986-","publisher":"Thorbecke ; Thorbecke","dateIssuedKey":"1986"}]}],"name":{"displayForm":["herausgegeben von Sebastian Brather und Jürgen Dendorfer"]},"id":{"isbn":["9783799573733","3799573739"],"eki":["185838222X"]},"type":{"bibl":"edited-book"},"person":[{"display":"Brather, Sebastian","given":"Sebastian","role":"edt","family":"Brather"},{"family":"Dendorfer","role":"edt","display":"Dendorfer, Jürgen","given":"Jürgen"}],"note":["2020 900jähriges Jubiläum der Stadt Freiburg, die geplante Tagung fand nicht statt"],"physDesc":[{"noteFormat":"24 cm x 16.5 cm","noteIll":"Illustrationen, Karten, Pläne","extent":"482 Seiten"}],"corporate":[{"display":"Jan Thorbecke Verlag","role":"pbl"}],"origin":[{"publisherPlace":"Ostfildern","dateIssuedDisp":"[2023]","dateIssuedKey":"2023","publisher":"Jan Thorbecke Verlag"}],"language":["ger"],"disp":"Freiburg die Stadtgründung aus der Sicht von Bauforschung und Archäologie seit 1988Neue Rahmungen - die Anfänge Freiburgs im europäischen Kontext"}],"id":{"eki":["1872242545"]},"language":["ger"],"origin":[{"dateIssuedDisp":"2023","dateIssuedKey":"2023"}],"title":[{"title":"Freiburg","title_sort":"Freiburg","subtitle":"die Stadtgründung aus der Sicht von Bauforschung und Archäologie seit 1988"}],"name":{"displayForm":["Matthias Untermann"]},"recId":"1872242545"} 
SRT |a UNTERMANNMFREIBURG2023